000 00676nam a2200241Ia 4500
003 OSt
005 20220926014824.0
006 a|||||r|||| 00| 0
007 ta
008 220923b |||||||| |||| 00| 0 eng d
020 _a0416019412
037 _cGeneral Book
040 _aRTL
_cRTL
_beng
041 _2eng
_aeng
082 _aY150g(4), M8
100 _aStimpson Catherine R
_9321149
245 0 _aWhere the meanings are
_bFeminism and cultural space
260 _aNew York
_bMethuen
_c1988
300 _axx,235p
_ccm.
650 _aWoman Sociology
942 _hY150g(4), M8
_cGB
_2CC
999 _c629912
_d629912